000 00828nam a22002657a 4500
001 BR8703708
003 BR-BrBNA
005 20230928092625.0
007 ta
008 230509b bl.||||| |||| 00| 0 por d
040 _aBR-BrBNA
_bpor
_cBiblioteca Nacional de Agricultura
041 _a(Por)
072 _aE14
_b/G514
090 _ E14 BR8703708
110 1 _aProjeto Nordeste, Recife, PE (Brasil)
_98080
245 1 _aSintese do relatorio final do grupo 2. Instrumento: aprimoramento de formas de administracao e de mecanismos de acompanhamento [projeto de desenvolvimento]
260 3 _aRecife, PE (Brasil):
_c1983.
300 _a37 p.
500 _a4 tables
650 _aPROJETO AGRICOLA
650 _aDESENVOLVIMENTO RURAL
650 _aREGIAO NORDESTE
909 _a202309
_bLucia
_c55
_dLucia Elande
942 _cBK
999 _c40220
_d40220